000 00261nam a22001217a 4500
008 181008b xxu||||| |||| 00| 0 eng d
041 _aeng
080 _a618
100 _a10
101 _aGJIN
245 _aOB/Gyn Secrets
_cFrederickson,H.L
942 _2udc
_cBK
999 _c48980
_d48980